000 00472nam a2200181Ia 4500
001 9347
005 20260306161712.0
008 260306t2005||||xx |||||||||||||| ||spa||
041 _aESP
082 _a378.12
_bK65
100 _aKnight, Peter T. [1950-...]
_eAUT
245 0 _aEl profesorado de educación superior:
_bformación para la excelencia
260 _c2005
300 _a286 páginas :
_c23 cm.
650 _aGEN
654 _aCED
942 _cLIB
_dJUS
_fJUS
_2ddc
_n
999 _c9347
_d9347